Театр Достоевского в работах художников сцены (Запись № 11809977)

Подробности
000 -МАРКЕР
контрольное поле 03008nam0a2200469 i 4500
001 - ИДЕНТИФИКАТОР ЗАПИСИ
контрольное поле RU\NLR\BIBL_A\011179103
005 - ИДЕНТИФИКАТОР ВЕРСИИ
контрольное поле 20260407051006.0
010 ## - МЕЖДУНАРОДНЫЙ СТАНДАРТНЫЙ НОМЕР КНИГИ (ISBN)
Номер (ISBN) 9785990135345
Тираж 1000
021 ## - НОМЕР ГОСУДАРСТВЕННОЙ РЕГИСТРАЦИИ
Код страны российская федерация
Номер 2016-53136
Номер Листа государственной регистраци 3385
035 ## - ДРУГИЕ СИСТЕМНЫЕ НОМЕРА
Идентификатор записи (NILC)RuMoRGB-008540275
035 ## - ДРУГИЕ СИСТЕМНЫЕ НОМЕРА
Идентификатор записи (NLR Aleph) 011179103
100 ## - ДАННЫЕ ОБЩЕЙ ОБРАБОТКИ
Данные общей обработки 20160721d2015 km y0rusy50 ca
101 0# - ЯЗЫК РЕСУРСА
Язык текста, звукозаписи и т.д. русский
102 ## - СТРАНА ПУБЛИКАЦИИ ИЛИ ПРОИЗВОДСТВА
Страна публикации российская федерация
105 ## - ПОЛЕ КОДИРОВАННЫХ ДАННЫХ: ТЕКСТОВЫЕ МАТЕРИАЛЫ, МОНОГРАФИЧЕСКИЕ
Кодированные данные о монографическом текстовом документе a|||z|||000yy
200 1# - ЗАГЛАВИЕ И СВЕДЕНИЯ ОБ ОТВЕТСТВЕННОСТИ
Основное заглавие Театр Достоевского в работах художников сцены
Сведения, относящиеся к заглавию С.- Петербург-Москва, ХХ век
-- [сборник]
Первые сведения об ответственности Ком. по культуре Санкт-Петербурга, Лит.-мемориальный музей Ф. М. Достоевского [и др.
Последующие сведения об ответственности отв. ред. Н. Ашимбаева, Б. Тихомиров
-- вступ. ст. Н. Хмелева]
210 ## - ПУБЛИКАЦИЯ, РАСПРОСТРАНЕНИЕ И ДР.
Место издания, распространения и т.д. Санкт-Петербург
Имя издателя, распространителя и т. д. Кузнечный переулок
Дата издания, распространения и т.д. 2015
215 ## - ФИЗИЧЕСКАЯ ХАРАКТЕРИСТИКА
Специфическое обозначение материала и объем 355, [4] с.
Другие сведения о физической характеристике ил., цв. ил., портр., факс.
Размеры 24
300 ## - ОБЩИЕ ПРИМЕЧАНИЯ
Текст примечания Загл. корешка: Театр Достоевского
300 ## - ОБЩИЕ ПРИМЕЧАНИЯ
Текст примечания В надзаг. также: Центр. театр. музей им. А.А. Бахрушина, Музей МХАТ, Санкт.-Петерб. музей театр. и муз. искусства [и др.]
320 ## - ПРИМЕЧАНИЯ О НАЛИЧИИ В ДОКУМЕНТЕ БИБЛИОГРАФИИ / УКАЗАТЕЛЯ
Текст примечания Библиогр. в примеч.: с. 41 (34 назв.) и в подстроч. примеч.
327 1# - ПРИМЕЧАНИЯ О СОДЕРЖАНИИ
Текст примечания В кн. также: Сведения о художниках: каталог / сост. О.М. Зверева]
516 1# - ЗАГЛАВИЕ НА КОРЕШКЕ [ИЗДАНИЯ]
Заглавие на корешке Театр Достоевского
604 ## - ИМЯ И ЗАГЛАВИЕ КАК ПРЕДМЕТ
Связываемые данные 200#1$aДостоевский$gФедор Михайлович$bФ.М.$f1821 - 1881
-- 2350#$aСочинения$xПостановки на русской сцене
Имя лица Достоевский, Федор Михайлович (1821 - 1881)
Заглавие Сочинения
Идентификатор авторитетной/нормативной записи RU\NLR\AUTH\661574707
Тематический подзаголовок Постановки на русской сцене
Системный номер авторитетной/нормативной записи 2101840
606 1# - НАИМЕНОВАНИЕ ТЕМЫ КАК ПРЕДМЕТ
Наименование темы Театрально-декорационная живопись русская
Хронологический подзаголовок 20 в.
Системный номер авторитетной/нормативной записи 1821389
Идентификатор авторитетной/нормативной записи RU\NLR\AUTH\661115181
675 ## - УНИВЕРСАЛЬНАЯ ДЕСЯТИЧНАЯ КЛАССИФИКАЦИЯ (UDC/УДК)
Индекс 75/76
686 1# - ИНДЕКСЫ ДРУГИХ КЛАССИФИКАЦИЙ
Индекс Щ333(2Р=Рус)6-677
686 1# - ИНДЕКСЫ ДРУГИХ КЛАССИФИКАЦИЙ
Индекс Щ143(2Р=Рус)6-463.6
686 1# - ИНДЕКСЫ ДРУГИХ КЛАССИФИКАЦИЙ
Индекс Щ334.3(2Р=Рус)-074.7Достоевский
686 2# - ИНДЕКСЫ ДРУГИХ КЛАССИФИКАЦИЙ
Индекс Ш5(2=Р)52-4Достоевский882
702 #1 - ИМЯ ЛИЦА - ВТОРИЧНАЯ ОТВЕТСТВЕННОСТЬ
Начальный элемент ввода Ашимбаева
Часть имени, кроме начального элемента ввода Н. Т.
Даты 1944-
Расширение инициалов личного имени Наталья Туймебаевна
Код отношения Редактор
702 #1 - ИМЯ ЛИЦА - ВТОРИЧНАЯ ОТВЕТСТВЕННОСТЬ
Код отношения Прочие
Материалы, к которым относится поле rus
Графика поля Кириллица
Начальный элемент ввода Достоевский
Часть имени, кроме начального элемента ввода Ф. М.
Даты 1821-1881
Расширение инициалов личного имени Федор Михайлович
Идентификатор авторитетной/нормативной записи RU\NLR\AUTH\77838
Системный номер авторитетной/нормативной записи 110876
712 02 - НАИМЕНОВАНИЕ ОРГАНИЗАЦИИ - ВТОРИЧНАЯ ОТВЕТСТВЕННОСТЬ
Код отношения Прочие
Начальный элемент ввода Литературно-мемориальный музей Ф. М. Достоевского
Идентифицирующий признак Санкт-Петербург
Идентификатор авторитетной/нормативной записи RU\NLR\AUTH\8810020179
Системный номер авторитетной/нормативной записи 538358
801 #0 - ИСТОЧНИК ЗАПИСИ
Страна российская федерация
Организация РГБ
Дата составления 20160707
Правила каталогизации RCR
801 #2 - ИСТОЧНИК ЗАПИСИ
Страна российская федерация
Организация РГБ
Дата составления 20160711
Правила каталогизации rcr
942 ## - ДОПОЛНИТЕЛЬНЫЕ ЭЛЕМЕНТЫ ЗАПИСИ (АБИС)
Тип экземпляра АБИС Книга
980 ## - КОЛЛЕКЦИЯ
Название коллекции НБР

Нет доступных экземпляров.